000
00476nam a2200181Ia 4500
008
090123s9999 xx 000 0 und d
082
_b
3712
100
_a
कल्याणी
245
_a
बालिन दिविगे
250
_a
1
260
_c
1974
300
_a
236
600
_a
कल्याणी
630
_a
बालिन दिविगे
700
_a
कल्याणी
730
_a
बालिन दिविगे
942
_c
BOOK
999
_c
41791
_d
41791